Friends Character Lines - Statistics

General Stats
  • This quiz has been taken 184 times
  • The average score is 18 of 20
Answer Stats
Lines Character % Correct
"How You Doin'?" Joey Tribbiani
100%
"We we're on a break!" Ross Geller
99%
"Oh My God!" Janice Goralnik
94%
"I'm not great at advice. Can I interest you with a sarcastic comment?" Chandler Bing
93%
"I Know!' Monica Geller
93%
"She’s your lobster." Phoebe Buffay
93%
"Was that place THE SUN?" Chandler Bing
92%
"Could I be wearing any more clothes?" Joey Tribbiani
92%
"Seven!Seven!Seven!Seven!" Monica Geller
92%
"Pivot!" Ross Geller
92%
"I got off the plane" Rachel Green
90%
"You’re over me? When you were … under me?" Ross Geller
89%
"I want girls on bread" Joey Tribbiani
88%
" Just so you know, it’s not that common, it doesn’t happen to every guy, and it is a big deal!" Rachel Green
87%
"Noooooo!" Rachel Green
86%
"Unagi" Ross Geller
86%
"Tell him to email me at www-dot-haha-not-so-much-dot-com!" Chandler Bing
85%
"That is brand new information." Phoebe Buffay
85%
"Sorry I’m late, but I left late." Rachel Green
82%
"That's a lot of information to take in 30 seconds" Judy Geller
65%
No matching quizzes found
Score Distribution
Percent of People with Each Score
Percentile by Number Answered
Your Score History
You have not taken this quiz